000 00326nam a22001457a 4500
008 211013b ||||| |||| 00| 0 eng d
020 _a9781323364048
041 _aeng
080 _a510
082 _a510
100 _a36
101 _aMAT
245 _aPearson Custom Mathematics for Canada
_cPearson,
942 _2udc
_cBK
999 _c58216
_d58216